[Event "TOP 16"]
[Site "Guingamp FRA"]
[Date "2010.06.03"]
[Round "8"]
[White "Reinhart,E"]
[Black "Domenech,V"]
[Result "0-1"]
[WhiteElo "2337"]
[BlackElo "2050"]
[EventDate "2010.03.26"]

1. e4 d5 2. exd5 Qxd5 3. Nc3 Qa5 4. Bc4 Nf6 5. d3 Bg4 6. f3 Bd7 7. Be3 e6
8. a3 Nc6 9. Nge2 Bd6 10. Bb5 Nd5 11. Bf2 a6 12. b4 Nxc3 13. Nxc3 Nxb4 14.
Bxd7+ Kxd7 15. O-O Qe5 16. f4 Qxc3 17. axb4 Qxb4 18. c4 b6 19. Kh1 Qc3 20.
Rc1 Qf6 21. Qa4+ Ke7 22. d4 Qxf4 23. Bg1 Qh4 24. Qc6 Rhd8 25. c5 bxc5 26.
dxc5 Be5 27. Rce1 Qh5 28. Rf3 Ra7 29. g4 Qg5 30. h3 Bf6 31. Qe4 Qd5 32. Qe2
Rb7 33. Ref1 Rb3 34. Qg2 Rxf3 35. Rxf3 Bd4 36. Bh2 Bxc5 37. Bxc7 Rd7 38.
Bg3 Qd2 39. Qf1 Qd5 40. Qg2 Rb7 41. Kh2 Rb1 42. Qc2 Rh1+ 43. Kxh1 Qxf3+ 44.
Kh2 Bg1+ 0-1

[Event "TOP 16"]
[Site "Guingamp FRA"]
[Date "2010.06.03"]
[Round "8"]
[White "Bannwarth,F"]
[Black "Roos,J"]
[Result "0-1"]
[WhiteElo "1849"]
[BlackElo "2259"]
[EventDate "2010.03.26"]

1. e4 c6 2. d4 d5 3. Nd2 dxe4 4. Nxe4 Bf5 5. Ng3 Bg6 6. Nf3 Nd7 7. Bd3 e6
8. c3 Ngf6 9. O-O Bd6 10. Re1 Qc7 11. Qe2 Bxd3 12. Qxd3 O-O-O 13. Qe2 h6
14. Ne5 Rhf8 15. Nc4 Be7 16. a4 c5 17. Be3 Nd5 18. Rac1 Nxe3 19. fxe3 Kb8
20. Ne4 f5 21. Ned2 e5 22. Nb3 e4 23. Ncd2 Bd6 24. g3 Rc8 25. Qb5 Bxg3 26.
hxg3 Qxg3+ 27. Kf1 Qh3+ 28. Kg1 Rc6 29. Re2 Rg6+ 30. Kf2 Qg3+ 0-1

[Event "TOP 16"]
[Site "Guingamp FRA"]
[Date "2010.06.03"]
[Round "8"]
[White "Le Roux,JP"]
[Black "Sumets,A"]
[Result "0-1"]
[WhiteElo "2512"]
[BlackElo "2614"]
[EventDate "2010.03.26"]

1. d4 d5 2. c4 c6 3. Nc3 Nf6 4. e3 e6 5. Nf3 Nbd7 6. Bd3 dxc4 7. Bxc4 b5 8.
Bd3 Bb7 9. e4 b4 10. Na4 c5 11. e5 Nd5 12. Nxc5 Nxc5 13. dxc5 Bxc5 14. O-O
h6 15. Nd2 Nc3 16. Qc2 Qd5 17. Nf3 Rd8 18. Ne1 Bd4 19. Bd2 Nb5 20. Rc1 b3
21. Qxb3 Qxb3 22. axb3 a6 23. Ba5 Rd7 24. Bxb5 axb5 25. Nd3 O-O 26. Nc5
Bxc5 27. Rxc5 Rc8 28. Rxc8+ Bxc8 29. Rc1 Bb7 30. f3 Rd3 31. Bc3 Bd5 32. b4
Bb3 33. Be1 Re3 34. Rc8+ Kh7 35. Bc3 Rd3 36. Kf2 g5 37. Ke2 Rd5 38. Ke3 Bc4
39. Bd4 h5 40. g3 Kg7 41. f4 gxf4+ 42. gxf4 Kh7 43. Rc7 Kg6 44. Ra7 Rd8 45.
Ra1 Kh7 46. Rc1 h4 47. Rc3 Kg6 48. Bc5 Rd1 49. Be7 h3 50. b3 Bd5 51. Ke2
Rb1 52. Rxh3 Rb2+ 53. Ke1 Kf5 54. Bg5 Bxb3 55. Rg3 Bc4 56. h4 Rxb4 57. h5
Rb1+ 58. Kd2 Rh1 59. h6 b4 60. Rg2 Ke4 61. Kc2 Bd5 62. Kb2 Kd3 63. Rf2 Kc4
64. Rc2+ Kb5 65. Re2 Bf3 66. Re3 Rh2+ 67. Kb1 Bg4 68. f5 Bxf5+ 69. Kc1 Kc4
70. Bf4 Rc2+ 71. Kd1 Rf2 72. Bg3 Rf1+ 73. Be1 Rh1 0-1

[Event "TOP 16"]
[Site "Guingamp FRA"]
[Date "2010.06.03"]
[Round "8"]
[White "Doncea,V"]
[Black "Cornette,M"]
[Result "1/2-1/2"]
[WhiteElo "2475"]
[BlackElo "2552"]
[EventDate "2010.03.26"]

1. d4 Nf6 2. c4 g6 3. g3 Bg7 4. Bg2 O-O 5. Nc3 Nc6 6. e3 e5 7. Nge2 d6 8.
b3 exd4 9. exd4 Bf5 10. O-O Re8 11. h3 Ne4 12. Nd5 h5 13. b4 Rc8 14. b5 Na5
15. Ne3 Bd7 16. Qd3 Ng5 17. Bd2 c5 18. dxc5 Nxh3+ 19. Bxh3 Bxh3 20. cxd6
Nxc4 21. Nxc4 Bf5 22. Qb3 Rxe2 23. Rae1 Be6 24. Rxe2 Bxc4 25. Qe3 Bxe2 26.
Qxe2 Qxd6 27. Bf4 Qf6 28. Rd1 b6 29. Rd6 Qf5 30. Qd3 Qxd3 31. Rxd3 Rc2 32.
a4 Ra2 33. Rd8+ Kh7 34. Rd7 Rxa4 35. Rxf7 Kg8 36. Rd7 Ra5 37. Kg2 Rxb5 38.
Rxa7 Rf5 39. Be3 b5 40. g4 hxg4 41. Rb7 Bc3 42. Kg3 b4 43. Kxg4 Kf8 44. Bg5
Rf7 45. Rb8+ Kg7 46. Be3 Rc7 47. Kf3 Kf6 48. Ke4 Re7+ 49. Kf3 Re5 50. Bh6
Kf7 51. Rb7+ Ke6 52. Rb6+ Kd5 53. Rxg6 b3 54. Rb6 b2 55. Bg7 Re6 56. Rb5+
Kc4 57. Rxb2 Bxg7 58. Re2 Rg6 59. Ke4 Re6+ 60. Kf3 Rf6+ 61. Ke4 Bh6 62. Ke5
Rf8 63. Re4+ Kd3 64. Rh4 Bg7+ 65. Kd5 Rf5+ 66. Ke6 Rxf2 67. Rh3+ Kc4 68.
Rh1 Rf6+ 69. Ke7 Ra6 70. Rd1 Bd4 71. Kf7 Rf6+ 72. Ke7 Rf3 73. Rd2 Kd5 74.
Rd1 Rg3 75. Kf8 Rg2 76. Ke7 Rg7+ 77. Kd8 Rh7 78. Rd2 Ke4 79. Rd1 Be5 80.
Rd7 Rh8+ 81. Ke7 Kf5 82. Kf7 Ra8 83. Ke7 Ra6 84. Kf7 Rf6+ 85. Ke7 Re6+ 86.
Kf7 Bd6 87. Rb7 Rf6+ 88. Ke8 Ke6 89. Re7+ Kd5 90. Rf7 Rh6 91. Kd7 Rh8 92.
Rf5+ Be5 93. Rf7 Ra8 94. Ke7 Ra6 95. Kd7 Bf6 96. Ke8 Re6+ 97. Kd7 Rd6+ 98.
Kc7 Bd8+ 99. Kc8 Ke6 100. Rh7 Bf6 101. Kc7 Rd3 102. Rh5 Be5+ 103. Kb6 Kd5
104. Ka5 Rd1 105. Rg5 Re1 106. Kb5 Rb1+ 107. Ka5 Kd4 108. Ka6 Ke4 1/2-1/2

[Event "TOP 16"]
[Site "Guingamp FRA"]
[Date "2010.06.03"]
[Round "8"]
[White "Dumitrache,D"]
[Black "Alonso Moyano,J"]
[Result "1/2-1/2"]
[WhiteElo "2467"]
[BlackElo "2365"]
[EventDate "2010.03.26"]

1. d4 f5 2. Nc3 d5 3. Bg5 g6 4. h4 Nh6 5. Qd2 Nf7 6. Bf4 c6 7. h5 Bg7 8.
hxg6 hxg6 9. Rxh8+ Bxh8 10. Nf3 Nd7 11. O-O-O e6 12. Ng5 Qe7 13. f3 Bxd4
14. Nxe6 Be5 15. Nc7+ Bxc7 16. Bxc7 Nde5 17. Bxe5 Qxe5 18. e3 Be6 19. Qd4
Qxd4 20. exd4 Ke7 21. Kd2 Rh8 22. Ke3 Nd6 23. Bd3 Kf6 24. Re1 g5 25. Kf2 f4
26. Nd1 Bf5 27. Bxf5 Nxf5 28. c3 b6 29. Kg1 c5 30. Nf2 Ne3 31. Nd1 cxd4 32.
cxd4 Nxd1 33. Rxd1 Rc8 34. Rd2 g4 35. fxg4 Kg5 36. Re2 Kxg4 37. Re7 Rc1+
38. Kh2 Rc2 39. Rxa7 Rxb2 40. Rg7+ Kf5 41. Re7 Rd2 42. Re5+ Kg4 43. Rxd5 f3
44. Kg1 Rxg2+ 45. Kf1 Rxa2 46. Rb5 Kg3 47. Rg5+ Kf4 48. Rb5 Ra6 49. Kf2 Ke4
50. d5 Kf4 51. Rb4+ Ke5 52. Rb5 Ke4 53. d6 Ra2+ 54. Kf1 Ke3 55. Re5+ Kf4
56. Rd5 Ra1+ 57. Kf2 Ra2+ 58. Kf1 Ra1+ 1/2-1/2

[Event "TOP 16"]
[Site "Guingamp FRA"]
[Date "2010.06.03"]
[Round "8"]
[White "Benitah,Y"]
[Black "Terrieux,K"]
[Result "1/2-1/2"]
[WhiteElo "2377"]
[BlackElo "2423"]
[EventDate "2010.03.26"]

1. d4 Nf6 2. c4 g6 3. Nc3 Bg7 4. e4 d6 5. f3 O-O 6. Bg5 c5 7. d5 e6 8. Nge2
exd5 9. cxd5 a6 10. a4 Qc7 11. Ng3 h5 12. Be2 Nh7 13. Be3 h4 14. Nf1 f5 15.
Nd2 Nd7 16. exf5 gxf5 17. Bf2 h3 18. g3 Ne5 19. O-O Bd7 20. Re1 Rab8 21. a5
b5 22. axb6 Rxb6 23. Qc2 a5 24. Ra2 Rb4 25. Rea1 Ra8 26. Kh1 Nf6 27. Bf1 f4
28. gxf4 Rxf4 29. Bg3 Bf5 30. Qd1 Rb4 31. Bxe5 dxe5 32. Bc4 Kh8 33. Qe1 e4
34. Qh4+ Bh7 35. fxe4 Qe5 36. Bd3 Rxb2 37. Rxb2 Qxc3 38. Raa2 Qxd3 39. Rb3
Qe2 40. Rxh3 Kg8 41. e5 Rb8 42. Ra1 Qxe5 43. Rg1 Be4+ 44. Nxe4 Qxe4+ 45.
Qxe4 Nxe4 46. Re3 Re8 47. Rge1 Nf2+ 48. Kg2 Rxe3 49. Rxe3 Ng4 50. Ra3 c4
51. Rxa5 c3 52. Rc5 c2 53. Kf3 Nf6 54. Rxc2 Nxd5 55. Ke4 Ne7 56. Rc7 Kf7
57. Rb7 Bf6 58. Kf4 Kg6 59. Ke4 1/2-1/2

[Event "TOP 16"]
[Site "Guingamp FRA"]
[Date "2010.06.03"]
[Round "8"]
[White "Bailet,P"]
[Black "Miralles,G"]
[Result "1/2-1/2"]
[WhiteElo "2367"]
[BlackElo "2469"]
[EventDate "2010.03.26"]

1. e4 c5 2. Nf3 Nc6 3. d4 cxd4 4. Nxd4 Nf6 5. Nc3 d6 6. Bg5 Qb6 7. Bxf6
gxf6 8. Nb3 e6 9. Qd2 Bd7 10. O-O-O O-O-O 11. f4 Kb8 12. Be2 h5 13. Rhf1
Bc8 14. Kb1 h4 15. Bg4 Ne7 16. f5 Bh6 17. Qe1 Bg5 18. fxe6 fxe6 19. Nd4 d5
20. Nf3 d4 21. Na4 Qb5 22. b3 Nc6 23. c4 dxc3 24. Qxc3 Qe2 25. Rde1 Qxg2
26. Rg1 Qf2 27. Rgf1 Qg2 28. Rg1 Qf2 29. Rgf1 1/2-1/2

[Event "TOP 16"]
[Site "Guingamp FRA"]
[Date "2010.06.03"]
[Round "8"]
[White "Vernay,C"]
[Black "De Sousa,Jos"]
[Result "1-0"]
[WhiteElo "2440"]
[BlackElo "2281"]
[EventDate "2010.03.26"]

1. d4 Nf6 2. c4 e6 3. Nf3 c5 4. d5 exd5 5. cxd5 d6 6. Nc3 g6 7. Bf4 a6 8.
a4 Qe7 9. h3 Bg7 10. e3 O-O 11. Be2 Nbd7 12. O-O Nh5 13. Bh2 f5 14. Nd2
Nhf6 15. Nc4 Ne8 16. a5 Ne5 17. Nb6 Rb8 18. Rc1 Nc7 19. Nca4 Na8 20. Nxa8
Rxa8 21. Nb6 Rb8 22. b4 cxb4 23. Qb3 g5 24. Qxb4 f4 25. exf4 gxf4 26. Nxc8
Rbxc8 27. Bxf4 Rxc1 28. Bxc1 Rc8 29. Ba3 Ng6 30. Bg4 Rc5 31. Be6+ Kh8 32.
Qb6 Rb5 33. Bxd6 Rxb6 34. Bxe7 Rxe6 35. dxe6 Nxe7 36. Rb1 Bf6 37. Rxb7 Kg7
38. Ra7 Kg6 39. Rxa6 h5 40. Ra7 Kf5 41. Rxe7 Kg6 42. Ra7 Kf5 43. Ra8 Kg6
44. Ra6 1-0

[Event "TOP 16"]
[Site "Guingamp FRA"]
[Date "2010.06.03"]
[Round "8"]
[White "Le Goff,D"]
[Black "Ravot,S"]
[Result "0-1"]
[WhiteElo "2281"]
[BlackElo "2264"]
[EventDate "2010.03.26"]

1. e4 c5 2. Nf3 g6 3. d4 cxd4 4. Qxd4 Nf6 5. e5 Nc6 6. Qa4 Nd5 7. Qe4 Nb6
8. Bf4 d5 9. exd6 Bf5 10. dxe7 Bxe7 11. Qe2 O-O 12. Qd1 Nb4 13. Na3 Rc8 14.
Nd4 Qd5 15. c3 Bf6 16. Be3 Rfd8 17. Qb3 Bxd4 18. Qxd5 Bxc3+ 19. bxc3 N4xd5
20. Bxb6 Nxb6 21. c4 Re8+ 22. Kd2 Rcd8+ 23. Kc3 a5 24. Nb5 Na4+ 25. Kb3
Nc5+ 26. Ka3 Rd2 27. Nc7 Re5 28. Rb1 Bxb1 29. Nd5 Bf5 30. Nc7 Bb1 0-1

[Event "TOP 16"]
[Site "Guingamp FRA"]
[Date "2010.06.03"]
[Round "8"]
[White "Batteau,V"]
[Black "Le Diouron,A"]
[Result "0-1"]
[WhiteElo "1906"]
[BlackElo "1956"]
[EventDate "2010.03.26"]

1. e4 e5 2. Nf3 Nf6 3. Nc3 Bb4 4. d3 d5 5. exd5 Nxd5 6. Bd2 O-O 7. Ne4
Bxd2+ 8. Qxd2 f5 9. Ng3 Nc6 10. O-O-O Qd6 11. d4 e4 12. Ne5 Be6 13. Nc4 Qe7
14. Kb1 Rfd8 15. Be2 b5 16. Ne3 Nxe3 17. fxe3 Nb4 18. b3 Rab8 19. Rdf1 Rf8
20. h4 c5 21. Ka1 cxd4 22. exd4 e3 23. Qd1 Qc7 24. Bd3 Qxg3 25. Rf3 Qd6 26.
c3 Nd5 27. Kb2 b4 28. c4 Nc3 29. Qc2 Qxd4 30. Kc1 Rbd8 31. Bxf5 Bxf5 32.
Rhf1 0-1